[Event "Madrid ch 2009-2010 Sub 18"]
[Site "Madrid ESP"]
[Date "2009.12.26"]
[Round "1.2"]
[White "Adan Bermudez, Sergio"]
[Black "Madurga López, Ignacio"]
[Result "1-0"]
[WhiteElo "2277"]
[BlackElo "1903"]
[PlyCount "113"]
[EventDate "2009.12.26"]
[EventType "swiss"]
[EventRounds "7"]
[EventCountry "ESP"]
[Source "lmi"]
[SourceDate "2009.12.26"]

1. c4 e5 2. g3 Nc6 3. Bg2 g6 4. Nc3 Bg7 5. Rb1 a5 6. a3 f5 7. b4 axb4 8. axb4
Nf6 9. d3 O-O 10. e3 Ne7 11. Qb3 d6 12. Nge2 c6 13. O-O Be6 14. b5 Rb8 15. Ba3
c5 16. d4 b6 17. dxe5 dxe5 18. Rfd1 Qc7 19. Nd5 Nexd5 20. cxd5 Bf7 21. d6 Qa7
22. Qc3 e4 23. Bb2 Rfd8 24. Nf4 Ne8 25. Qc2 Bxb2 26. Qxb2 Rxd6 27. Rxd6 Nxd6
28. Qe5 Nc4 29. Qf6 Re8 30. Bf1 Qe7 31. Qc6 Nd2 32. Nd5 Nf3+ 33. Kg2 Bxd5 34.
Qxd5+ Qe6 35. Qxe6+ Rxe6 36. Bc4 Kf7 37. Ra1 Ne5 38. Ra7+ Kf6 39. Bxe6 Kxe6 40.
Rxh7 c4 41. Rb7 Nd7 42. Kf1 Kd6 43. Ke2 Ne5 44. Rxb6+ Kc5 45. Re6 Kd5 46. Rxe5+
Kxe5 47. Kd2 Kd5 48. Kc3 Kc5 49. b6 Kxb6 50. Kxc4 Kc6 51. h3 Kd6 52. Kd4 Ke6
53. h4 Kd6 54. g4 Ke6 55. h5 fxg4 56. hxg6 Kf6 57. Kxe4 1-0

[Event "Madrid ch 2009-2010 Sub 18"]
[Site "Madrid ESP"]
[Date "2009.12.26"]
[Round "1.3"]
[White "Pablos Tenrero, Raquel"]
[Black "Gemy Vargas, Daniel Jose"]
[Result "1-0"]
[WhiteElo "1859"]
[BlackElo "2187"]
[PlyCount "118"]
[EventDate "2009.12.26"]
[EventType "swiss"]
[EventRounds "7"]
[EventCountry "ESP"]
[Source "lmi"]
[SourceDate "2009.12.26"]

1. e4 c5 2. c3 d5 3. exd5 Qxd5 4. d4 g6 5. Nf3 Bg7 6. Be3 cxd4 7. cxd4 Nf6 8.
Nc3 Qa5 9. Bc4 O-O 10. O-O Nc6 11. Qe2 Bg4 12. h3 Bxf3 13. Qxf3 Rac8 14. Bb3 e6
15. Rfd1 Rfd8 16. Rac1 Rd6 17. Ne4 Nxe4 18. Qxe4 Rcd8 19. Rc5 Qb4 20. Rc4 Qb5
21. Rc5 Qe2 22. d5 Ne7 23. Qb1 Nxd5 24. Rd2 Qh5 25. Bxd5 exd5 26. Qd3 R6d7 27.
Qb3 Qe5 28. Rdc2 Bf8 29. Rb5 b6 30. Qd3 Bg7 31. Rd2 Qc7 32. Bd4 Qc1+ 33. Rd1
Qc4 34. Bxg7 Kxg7 35. Rb3 f6 36. Qd4 Kf7 37. Rf3 Qxd4 38. Rxd4 Rc7 39. Rfd3
Rc1+ 40. Kh2 Rc2 41. Rxd5 Rxd5 42. Rxd5 Ke6 43. Rb5 Rxf2 44. Kg3 Rf5 45. Rb3 h5
46. h4 Ra5 47. a3 Ra4 48. Rc3 Rd4 49. Rc7 Rd7 50. Rc6+ Kf5 51. Rc3 Ke4 52. Rc4+
Ke5 53. Rc3 Rd4 54. Rc7 Rd3+ 55. Kh2 a5 56. Re7+ Kf5 57. Re2 Rd4 58. g3 Re4 59.
Rf2+ Ke5 1-0

[Event "Madrid ch 2009-2010 Sub 18"]
[Site "Madrid ESP"]
[Date "2009.12.26"]
[Round "1.4"]
[White "Nieto de la Cruz, Julio"]
[Black "Morona Minguez, Irene"]
[Result "1-0"]
[WhiteElo "2125"]
[BlackElo "1844"]
[PlyCount "49"]
[EventDate "2009.12.26"]
[EventType "swiss"]
[EventRounds "7"]
[EventCountry "ESP"]
[Source "lmi"]
[SourceDate "2009.12.26"]

1. d4 Nf6 2. c4 g6 3. Nc3 Bg7 4. e4 d6 5. f4 O-O 6. Nf3 Na6 7. e5 Nd7 8. Be2 c5
9. exd6 exd6 10. O-O Re8 11. d5 Nf6 12. Bd3 Nc7 13. f5 Rb8 14. Bg5 Qd7 15. Nh4
Nh5 16. f6 Re5 17. Bf5 Qd8 18. Ne4 Bxf5 19. fxg7 f6 20. Nxf5 Rxe4 21. Bh4 Ne8
22. Qf3 Rxc4 23. Rae1 Nhxg7 24. Nh6+ Kf8 25. Bxf6 1-0

[Event "Madrid ch 2009-2010 Sub 18"]
[Site "Madrid ESP"]
[Date "2009.12.26"]
[Round "1.5"]
[White "Corisco Beltran, Rafael"]
[Black "Tejedor Ariza, Francisco"]
[Result "1/2-1/2"]
[WhiteElo "1822"]
[BlackElo "2124"]
[PlyCount "124"]
[EventDate "2009.12.26"]
[EventType "swiss"]
[EventRounds "7"]
[EventCountry "ESP"]
[Source "lmi"]
[SourceDate "2009.12.26"]

1. e4 c5 2. Nf3 e6 3. d4 cxd4 4. Nxd4 Nf6 5. Nc3 Bb4 6. e5 Nd5 7. Bd2 Nxc3 8.
bxc3 Be7 9. Qg4 g6 10. Nb5 Nc6 11. Nd6+ Bxd6 12. exd6 Qa5 13. Qf4 O-O 14. c4
Qe5+ 15. Qxe5 Nxe5 16. f4 Nc6 17. Bd3 b6 18. O-O Ba6 19. a4 Rfc8 20. a5 Nxa5
21. Bxa5 bxa5 22. Rxa5 Bxc4 23. Rfa1 Bxd3 24. cxd3 Rc6 25. Ra6 Rxa6 26. Rxa6
Kf8 27. Kf2 Ke8 28. Ke3 Kd8 29. Kd4 f6 30. g4 Kc8 31. Ra4 Kb7 32. Rc4 Rc8 33.
Rb4+ Ka8 34. g5 fxg5 35. fxg5 Rc6 36. Ke5 a5 37. Rh4 Rc5+ 38. Kf6 Kb7 39. Rxh7
Kc6 40. Kxg6 a4 41. Rf7 Rf5 42. Rh7 Rf4 43. Rh3 Kxd6 44. Kg7 a3 45. Re3 a2 46.
Re1 Rh4 47. g6 Ke7 48. Rf1 Rxh2 49. Kg8 Rb2 50. Ra1 Rd2 51. g7 Rxd3 52. Rxa2
Rh3 53. Rf2 e5 54. Rf7+ Ke6 55. Kf8 Rg3 56. g8=Q Rxg8+ 57. Kxg8 d5 58. Kg7 d4
59. Kg6 d3 60. Rf6+ Kd5 61. Kf5 Kd4 62. Rd6+ Ke3 1/2-1/2

[Event "Madrid ch 2009-2010 Sub 18"]
[Site "Madrid ESP"]
[Date "2009.12.26"]
[Round "1.6"]
[White "Suarez Uriel, Adrian"]
[Black "Cavalle Pulla, Daniel"]
[Result "0-1"]
[WhiteElo "2119"]
[BlackElo "1812"]
[PlyCount "190"]
[EventDate "2009.12.26"]
[EventType "swiss"]
[EventRounds "7"]
[EventCountry "ESP"]
[Source "lmi"]
[SourceDate "2009.12.26"]

1. e4 e6 2. d4 d5 3. Nc3 Bb4 4. exd5 exd5 5. Bd3 Nc6 6. a3 Bxc3+ 7. bxc3 Be6 8.
Ne2 Qd7 9. Ng3 Nge7 10. O-O O-O-O 11. a4 Na5 12. f4 Nf5 13. Qf3 g6 14. Ba3 Rhe8
15. Rfb1 Nxg3 16. Qxg3 Bf5 17. Bc5 Nc4 18. Bxc4 dxc4 19. Bxa7 Bxc2 20. Rb4 Qc6
21. a5 Re2 22. a6 bxa6 23. Qg5 Rde8 24. Rb8+ Kd7 25. Rxe8 Kxe8 26. Ra5 Bf5 27.
Re5+ Rxe5 28. dxe5 Qe4 29. h3 Qe1+ 30. Kh2 Qxc3 31. Bc5 Kd7 32. Qe7+ Kc6 33.
Bf2 Qd2 34. Qc5+ Kd7 35. Be3 Qd3 36. Bd4 Be4 37. e6+ fxe6 38. Be5 c6 39. Qf8 c5
40. Qxc5 Qd5 41. Qc7+ Ke8 42. Bd6 Qb7 43. Qxc4 Kd7 44. Qd4 Qd5 45. Qxd5 exd5
46. Be5 Kc6 47. g3 Kc5 48. Kg1 d4 49. Kf2 a5 50. Ke2 a4 51. Kd2 Kc4 52. Bd6 Bg2
53. h4 h5 54. Be7 Be4 55. Bf8 Bb1 56. Be7 Kd5 57. Kc1 Bd3 58. Kd2 Ke4 59. Bf8
Bc4 60. Bc5 Bb5 61. Be7 Kf3 62. Bd6 Bc4 63. Be5 d3 64. Bd6 Kf2 65. Kd1 Ke3 66.
Bc5+ Kf3 67. Bd6 Bb3+ 68. Kd2 Bc2 69. Ke1 Bb1 70. Kd2 Kf2 71. Kd1 Bc2+ 72. Kd2
Kf3 73. Ke1 Ke4 74. Kd2 Kd5 75. Bc7 Kc4 76. Bd6 Kb3 77. Kc1 a3 78. Be5 a2 79.
Kd2 Kc4 80. Ba1 Kd5 81. Ke3 Ke6 82. Bb2 Kf5 83. Ba1 Kg4 84. Be5 Kh3 85. Kd2 Kg2
86. Ke3 Kf1 87. Bc3 Bb1 88. Kd2 Kf2 89. Be5 Bc2 90. g4 hxg4 91. f5 gxf5 92. h5
Bb3 93. Kxd3 f4 94. Bd4+ Kg2 95. h6 Bg8 0-1

[Event "Madrid ch 2009-2010 Sub 18"]
[Site "Madrid ESP"]
[Date "2009.12.26"]
[Round "1.7"]
[White "Rubio Campos, Juan"]
[Black "Castejon Caballero, Andres"]
[Result "1-0"]
[WhiteElo "1771"]
[BlackElo "2116"]
[PlyCount "63"]
[EventDate "2009.12.26"]
[EventType "swiss"]
[EventRounds "7"]
[EventCountry "ESP"]
[Source "lmi"]
[SourceDate "2009.12.26"]

1. e4 e5 2. Nf3 Qe7 3. Nc3 c6 4. d4 d6 5. dxe5 dxe5 6. h3 g6 7. Bc4 b5 8. Bb3
a5 9. a4 b4 10. Ne2 Bg7 11. O-O Nd7 12. Ng3 Ba6 13. Re1 Nc5 14. Be3 Nf6 15. Qd2
Ncxe4 16. Qc1 Nxg3 17. fxg3 O-O 18. Bh6 Qc5+ 19. Kh2 Rae8 20. Bxg7 Kxg7 21. Qg5
Nd7 22. Rad1 Re7 23. Nh4 f6 24. Qg4 f5 25. Qg5 Rf6 26. Nf3 Bc4 27. Rxd7 Rxd7
28. Bxc4 e4 29. Rxe4 Rd5 30. Rh4 h5 31. Bxd5 cxd5 32. Rxh5 1-0

[Event "Madrid ch 2009-2010 Sub 18"]
[Site "Madrid ESP"]
[Date "2009.12.26"]
[Round "1.8"]
[White "Collado Barbas, Laura"]
[Black "Negredo Bahamonde, Miguel Angel"]
[Result "1-0"]
[WhiteElo "2104"]
[BlackElo "1763"]
[PlyCount "131"]
[EventDate "2009.12.26"]
[EventType "swiss"]
[EventRounds "7"]
[EventCountry "ESP"]
[Source "lmi"]
[SourceDate "2009.12.26"]

1. d4 Nf6 2. c4 g6 3. Nc3 Bg7 4. Nf3 d6 5. e4 O-O 6. Be3 e5 7. dxe5 dxe5 8.
Qxd8 Rxd8 9. Nd5 Rd7 10. Nxf6+ Bxf6 11. c5 Nc6 12. Bb5 Rd8 13. Bxc6 bxc6 14.
O-O Ba6 15. Rfc1 Bd3 16. Nd2 Be7 17. f3 f5 18. Rc3 Rab8 19. b3 Bf6 20. Rac1 Rd7
21. g3 a5 22. Nc4 fxe4 23. fxe4 Bxe4 24. Nxa5 Rb5 25. Nc4 Bd3 26. Rd1 e4 27.
Rcc1 Rd8 28. Rd2 Ra8 29. Kg2 g5 30. g4 Rb7 31. Rf2 Kg7 32. h4 h6 33. h5 Rba7
34. a4 Rb7 35. Nd2 Bb2 36. Rd1 Bc3 37. Nb1 Bf6 38. Nd2 Rd8 39. Kg1 Bc3 40. Nxe4
Rxb3 41. Nxc3 Rxc3 42. Bc1 Rc4 43. Bb2+ Kg8 44. Rfd2 Rxg4+ 45. Kh2 Rf8 46. Rxd3
Rf2+ 47. Kh3 Rh4+ 48. Kg3 Rxb2 49. Rd8+ Kf7 50. R8d7+ Kf6 51. Rxc7 Rxa4 52.
Rxc6+ Kf5 53. Rf1+ Rf4 54. Rd1 Ra4 55. Rf1+ Rf4 56. Rd1 Rc4 57. Rd3 Ke4 58. Ra3
Rbc2 59. Rxh6 Rxc5 60. Rg6 Kf5 61. Rf3+ Ke4 62. h6 Rc1 63. Re6+ Kd5 64. Re2 Rh1
65. Rf5+ Kd6 66. Rxc5 1-0

[Event "Madrid ch 2009-2010 Sub 18"]
[Site "Madrid ESP"]
[Date "2009.12.26"]
[Round "1.9"]
[White "Monge Gilgado, Eva Maria"]
[Black "Fernandez Lledo, Javier"]
[Result "0-1"]
[WhiteElo "1755"]
[BlackElo "2064"]
[PlyCount "70"]
[EventDate "2009.12.26"]
[EventType "swiss"]
[EventRounds "7"]
[EventCountry "ESP"]
[Source "lmi"]
[SourceDate "2009.12.26"]

1. e4 c5 2. Nf3 Nc6 3. d4 cxd4 4. Nxd4 Qb6 5. Nb3 Nf6 6. Nc3 e6 7. Be3 Qc7 8.
Qd2 a6 9. Be2 b5 10. a3 Be7 11. f4 d6 12. O-O O-O 13. Bf3 Bb7 14. Rad1 Rfd8 15.
Qf2 Nd7 16. Rd3 Rab8 17. f5 Nce5 18. fxe6 fxe6 19. Rdd1 Rf8 20. Qg3 Nxf3+ 21.
gxf3 Rf6 22. Kh1 Rbf8 23. Rg1 R8f7 24. Nd4 Nc5 25. Rd2 Na4 26. Nxa4 bxa4 27.
Rdg2 Bf8 28. Bd2 Qc8 29. Bb4 e5 30. Nf5 Rxf5 31. exf5 Qxf5 32. Rf1 e4 33. Bxd6
Qb5 34. Re1 Rxf3 35. Rf2 Rxf2 0-1

[Event "Madrid ch 2009-2010 Sub 18"]
[Site "Madrid ESP"]
[Date "2009.12.27"]
[Round "2.1"]
[White "Martin Duque, Jesus"]
[Black "Adan Bermudez, Sergio"]
[Result "1-0"]
[WhiteElo "2020"]
[BlackElo "2277"]
[PlyCount "61"]
[EventDate "2009.12.26"]
[EventType "swiss"]
[EventRounds "7"]
[EventCountry "ESP"]
[Source "lmi"]
[SourceDate "2009.12.26"]

1. e4 d6 2. d4 Nf6 3. Nc3 e5 4. Nf3 Nbd7 5. g4 exd4 6. Nxd4 Nc5 7. g5 Nfxe4 8.
Qe2 Qe7 9. Nd5 Qe5 10. Nxc7+ Kd8 11. Nf3 Ng3 12. Nxe5 Nxe2 13. Nxa8 dxe5 14.
Bxe2 b6 15. O-O Bb7 16. Rd1+ Kc8 17. Bg4+ Ne6 18. Nxb6+ axb6 19. Be3 Kc7 20.
Bxe6 fxe6 21. a4 h6 22. a5 bxa5 23. Rxa5 hxg5 24. Bc5 Bf3 25. Rd3 e4 26. Rc3
Bxc5 27. Raxc5+ Kb6 28. Rc8 Rh4 29. Rb8+ Ka7 30. Rb4 Be2 31. Ra3+ 1-0

[Event "Madrid ch 2009-2010 Sub 18"]
[Site "Madrid ESP"]
[Date "2009.12.27"]
[Round "2.2"]
[White "Garcia Amodia, Daniel"]
[Black "Nieto de la Cruz, Julio"]
[Result "0-1"]
[WhiteElo "2002"]
[BlackElo "2125"]
[PlyCount "78"]
[EventDate "2009.12.26"]
[EventType "swiss"]
[EventRounds "7"]
[EventCountry "ESP"]
[Source "lmi"]
[SourceDate "2009.12.26"]

1. e4 c5 2. Nf3 d6 3. d4 cxd4 4. Nxd4 Nf6 5. Nc3 g6 6. Be3 Bg7 7. f3 O-O 8. Qd2
Nc6 9. O-O-O Bd7 10. Bc4 Rb8 11. h4 b5 12. Nxc6 Bxc6 13. Be2 b4 14. Nd5 Nxd5
15. exd5 Qa5 16. Kb1 Bc3 17. Qc1 Bxd5 18. Rxd5 Qxd5 19. b3 Bh8 20. Rd1 Qe5 21.
Rd4 Rfc8 22. f4 Qf6 23. f5 Rc3 24. Bd3 Rbc8 25. Qf1 a5 26. g4 Qe5 27. Qf4 R3c5
28. Bc4 Qxf4 29. Rxf4 Re5 30. Bd2 gxf5 31. gxf5 Kf8 32. Rf1 Re4 33. h5 Rg4 34.
h6 Be5 35. Be3 Rb8 36. Ba7 Rb7 37. Be3 Bc3 38. Bd5 Rb5 39. Bf3 Rxf5 0-1

[Event "Madrid ch 2009-2010 Sub 18"]
[Site "Madrid ESP"]
[Date "2009.12.27"]
[Round "2.3"]
[White "Cavalle Pulla, Daniel"]
[Black "Collado Barbas, Laura"]
[Result "0-1"]
[WhiteElo "1812"]
[BlackElo "2104"]
[PlyCount "30"]
[EventDate "2009.12.26"]
[EventType "swiss"]
[EventRounds "7"]
[EventCountry "ESP"]
[Source "lmi"]
[SourceDate "2009.12.26"]

1. e4 e6 2. d4 d5 3. Nc3 Nc6 4. exd5 exd5 5. Nf3 Nf6 6. Bb5 Bb4 7. Bxc6+ bxc6
8. O-O O-O 9. Ne5 Ba6 10. Nxc6 Qd6 11. Nxb4 Bxf1 12. Nbxd5 Nxd5 13. Qxf1 Nxc3
14. bxc3 Rfe8 15. Qc4 Re1+ 0-1

[Event "Madrid ch 2009-2010 Sub 18"]
[Site "Madrid ESP"]
[Date "2009.12.27"]
[Round "2.4"]
[White "Fernandez Lledo, Javier"]
[Black "Pablos Tenrero, Raquel"]
[Result "1/2-1/2"]
[WhiteElo "2064"]
[BlackElo "1859"]
[PlyCount "113"]
[EventDate "2009.12.26"]
[EventType "swiss"]
[EventRounds "7"]
[EventCountry "ESP"]
[Source "lmi"]
[SourceDate "2009.12.26"]

1. e4 e5 2. Nf3 Nc6 3. Bb5 a6 4. Ba4 Nf6 5. O-O Be7 6. Re1 b5 7. Bb3 O-O 8. c3
d6 9. d4 Bg4 10. Be3 exd4 11. cxd4 d5 12. e5 Ne4 13. h3 Bh5 14. Nc3 Nxc3 15.
bxc3 Qd7 16. Bc2 f5 17. Kh2 Nd8 18. a4 Rb8 19. axb5 axb5 20. Rg1 b4 21. Rb1 Nc6
22. c4 dxc4 23. Ba4 Qd5 24. Bxc6 Qxc6 25. d5 Qd7 26. Qd4 Rfd8 27. Rbd1 c3 28.
Qc4 Qb5 29. Qb3 Bf7 30. e6 Bg6 31. Bf4 Qc5 32. Kh1 Ra8 33. Be3 Qd6 34. Rd4 Ra3
35. Qc4 Qc5 36. Ne5 Qxc4 37. Rxc4 Rxd5 38. Nxg6 hxg6 39. Rxc7 Bf6 40. Bc5 Re5
41. Rc8+ Kh7 42. Bxb4 Ra2 43. e7 Bxe7 44. Bxc3 Rc5 45. Rxc5 Bxc5 46. Rf1 Bxf2
47. Rd1 Rc2 48. Be5 Re2 49. Bc3 Re7 50. Bb4 Rb7 51. Be1 Bxe1 52. Rxe1 Rb5 53.
Kg1 g5 54. Kf2 Rb3 55. Re5 Kg6 56. g4 Rxh3 57. Rxf5 1/2-1/2

[Event "Madrid ch 2009-2010 Sub 18"]
[Site "Madrid ESP"]
[Date "2009.12.27"]
[Round "2.5"]
[White "Tejedor Ariza, Francisco"]
[Black "Rubio Campos, Juan"]
[Result "1-0"]
[WhiteElo "2124"]
[BlackElo "1771"]
[PlyCount "45"]
[EventDate "2009.12.26"]
[EventType "swiss"]
[EventRounds "7"]
[EventCountry "ESP"]
[Source "lmi"]
[SourceDate "2009.12.26"]

1. e4 e5 2. Nf3 Nf6 3. d3 Nc6 4. g3 d5 5. exd5 Nxd5 6. Bg2 Be7 7. O-O Be6 8.
Re1 Bf6 9. Nbd2 Nb6 10. Ne4 Qe7 11. Be3 Nd7 12. Nfg5 Bxg5 13. Nxg5 f6 14. Nxe6
Qxe6 15. d4 Qe7 16. dxe5 fxe5 17. f4 O-O 18. fxe5 Rad8 19. Bxc6 bxc6 20. Bxa7
Nxe5 21. Qe2 Nf3+ 22. Kh1 Rd2 23. Qxd2 1-0

[Event "Madrid ch 2009-2010 Sub 18"]
[Site "Madrid ESP"]
[Date "2009.12.27"]
[Round "2.6"]
[White "Gemy Vargas, Daniel Jose"]
[Black "Corisco Beltran, Rafael"]
[Result "1-0"]
[WhiteElo "2187"]
[BlackElo "1822"]
[PlyCount "45"]
[EventDate "2009.12.26"]
[EventType "swiss"]
[EventRounds "7"]
[EventCountry "ESP"]
[Source "lmi"]
[SourceDate "2009.12.26"]

1. d4 Nf6 2. Nf3 g6 3. g3 Bg7 4. Bg2 O-O 5. O-O d5 6. b3 Nbd7 7. Bb2 c5 8. Nbd2
cxd4 9. Bxd4 Re8 10. e3 e5 11. Bb2 b6 12. Qe2 a5 13. Rfd1 Ba6 14. c4 Rc8 15.
Rac1 e4 16. Ne1 Ne5 17. Nxe4 Nxe4 18. Bxe4 Nxc4 19. Bxg7 Rxe4 20. Ba1 Nxe3 21.
Qb2 d4 22. fxe3 Rxc1 23. Qxc1 1-0

[Event "Madrid ch 2009-2010 Sub 18"]
[Site "Madrid ESP"]
[Date "2009.12.27"]
[Round "2.8"]
[White "Negredo Bahamonde, Miguel Angel"]
[Black "Suarez Uriel, Adrian"]
[Result "1-0"]
[WhiteElo "1763"]
[BlackElo "2119"]
[PlyCount "91"]
[EventDate "2009.12.26"]
[EventType "swiss"]
[EventRounds "7"]
[EventCountry "ESP"]
[Source "lmi"]
[SourceDate "2009.12.26"]

1. e4 c5 2. Nf3 Nc6 3. d4 cxd4 4. Nxd4 e6 5. Nxc6 bxc6 6. Bd3 d5 7. O-O Bd6 8.
Nd2 Nf6 9. Re1 e5 10. exd5 cxd5 11. c4 O-O 12. cxd5 Bb7 13. Nc4 Qc7 14. Nxd6
Qxd6 15. b3 Qxd5 16. f3 Rfd8 17. Bc2 Qc6 18. Qe2 Re8 19. Bb2 Rac8 20. Rac1 Qb6+
21. Qf2 Qa5 22. a3 Rc6 23. Bd3 Rxc1 24. Rxc1 Nd5 25. Be4 Nf4 26. Rc5 Qb6 27.
Rxe5 Qxf2+ 28. Kxf2 Rd8 29. Bxb7 Nd3+ 30. Ke3 Nxb2 31. Rd5 Re8+ 32. Kf2 Kf8 33.
Rd2 Rb8 34. Bd5 Rd8 35. Ke3 Ke7 36. Kd4 Na4 37. bxa4 Rd6 38. Rb2 Ra6 39. Rb7+
Kd6 40. Bb3 Ra5 41. Rxf7 Rg5 42. g3 a5 43. Bc2 Ke6 44. Rb7 Rd5+ 45. Kc4 Rh5 46.
h4 1-0

[Event "Madrid ch 2009-2010 Sub 18"]
[Site "Madrid ESP"]
[Date "2009.12.27"]
[Round "2.9"]
[White "Castejon Caballero, Andres"]
[Black "Monge Gilgado, Eva Maria"]
[Result "0-1"]
[WhiteElo "2116"]
[BlackElo "1755"]
[PlyCount "66"]
[EventDate "2009.12.26"]
[EventType "swiss"]
[EventRounds "7"]
[EventCountry "ESP"]
[Source "lmi"]
[SourceDate "2009.12.26"]

1. e4 c5 2. Nf3 Nc6 3. d4 cxd4 4. Nxd4 d6 5. c4 Nf6 6. Nc3 g6 7. f3 Bg7 8. Be3
Bd7 9. Qd2 Nxd4 10. Bxd4 O-O 11. Be2 a6 12. a4 Rc8 13. O-O Bc6 14. b4 Ne8 15.
b5 Bd7 16. a5 Nc7 17. Bxg7 Kxg7 18. Na4 axb5 19. cxb5 Kg8 20. Nb6 Rb8 21. Rfb1
Na8 22. Nxa8 Rxa8 23. a6 Qb6+ 24. Kh1 bxa6 25. bxa6 Qa7 26. Rb7 Qxb7 27. h4 Qa7
28. h5 Qf2 29. hxg6 Qh4+ 30. Kg1 hxg6 31. Bc4 Bc6 32. Ra5 Rfb8 33. Qc2 Qe1+ 0-1

[Event "Madrid ch 2009-2010 Sub 18"]
[Site "Madrid ESP"]
[Date "2009.12.28"]
[Round "3.1"]
[White "Nieto de la Cruz, Julio"]
[Black "Martin Duque, Jesus"]
[Result "1-0"]
[WhiteElo "2125"]
[BlackElo "2020"]
[PlyCount "85"]
[EventDate "2009.12.26"]
[EventType "swiss"]
[EventRounds "7"]
[EventCountry "ESP"]
[Source "lmi"]
[SourceDate "2009.12.26"]

1. d4 d5 2. Nf3 Nf6 3. Bf4 c5 4. e3 Nc6 5. c3 Bf5 6. Nbd2 Qb6 7. Nh4 Bg6 8.
Nxg6 hxg6 9. Qb3 e6 10. Be2 Be7 11. h3 Nd7 12. dxc5 Bxc5 13. Qxb6 Bxb6 14. O-O
e5 15. Bg3 O-O-O 16. b4 f5 17. a4 a5 18. Rac1 g5 19. b5 Ne7 20. c4 Kb8 21. c5
Bxc5 22. Bxe5+ Nxe5 23. Rxc5 b6 24. Rc3 d4 25. exd4 Rxd4 26. Nf3 Nxf3+ 27. Bxf3
g4 28. Re1 Nc8 29. hxg4 Rxa4 30. gxf5 Rb4 31. Rd3 Rc4 32. g4 Kc7 33. Red1 Kb8
34. Rd7 Rc7 35. Bc6 Ra7 36. Kg2 Rf8 37. Rxa7 Nxa7 38. Rd7 Nxc6 39. bxc6 Ka8 40.
Rxg7 Rc8 41. f6 Rf8 42. g5 a4 43. Rb7 1-0

[Event "Madrid ch 2009-2010 Sub 18"]
[Site "Madrid ESP"]
[Date "2009.12.28"]
[Round "3.2"]
[White "Collado Barbas, Laura"]
[Black "Fernandez Lledo, Javier"]
[Result "0-1"]
[WhiteElo "2104"]
[BlackElo "2064"]
[PlyCount "96"]
[EventDate "2009.12.26"]
[EventType "swiss"]
[EventRounds "7"]
[EventCountry "ESP"]
[Source "lmi"]
[SourceDate "2009.12.26"]

1. d4 Nf6 2. c4 e6 3. Nc3 Bb4 4. Qc2 d5 5. cxd5 exd5 6. Bg5 h6 7. Bxf6 Qxf6 8.
e3 O-O 9. a3 Bxc3+ 10. Qxc3 c6 11. Nf3 Bg4 12. Nd2 Nd7 13. Rc1 Rfc8 14. b4 Qd6
15. Nb3 f5 16. Bd3 f4 17. f3 Be6 18. e4 Qe7 19. O-O Qf7 20. e5 a6 21. Rf2 g5
22. Bb1 Nb6 23. Nc5 Nc4 24. Qd3 Rc7 25. Qg6+ Qxg6 26. Bxg6 Re7 27. a4 b6 28.
Nb3 a5 29. bxa5 Nxa5 30. Nxa5 Rxa5 31. Ra2 c5 32. Rb1 Ra6 33. dxc5 bxc5 34.
Rb8+ Kg7 35. Be8 d4 36. Rd2 Bd7 37. Bxd7 Rxd7 38. Rc8 Rd5 39. Rc7+ Kg6 40. e6
Rxe6 41. a5 Ra6 42. Rb2 d3 43. Rd2 Rxa5 44. Rc6+ Kf5 45. g4+ Ke5 46. Kf2 Kd4
47. Rxh6 c4 48. Rb6 c3 0-1

[Event "Madrid ch 2009-2010 Sub 18"]
[Site "Madrid ESP"]
[Date "2009.12.28"]
[Round "3.3"]
[White "Pablos Tenrero, Raquel"]
[Black "Tejedor Ariza, Francisco"]
[Result "0-1"]
[WhiteElo "1859"]
[BlackElo "2124"]
[PlyCount "116"]
[EventDate "2009.12.26"]
[EventType "swiss"]
[EventRounds "7"]
[EventCountry "ESP"]
[Source "lmi"]
[SourceDate "2009.12.26"]

1. e4 c5 2. c3 b6 3. d4 Bb7 4. Bd3 Nf6 5. Qe2 cxd4 6. cxd4 g6 7. Nc3 Bg7 8. Nf3
O-O 9. O-O d6 10. Bg5 Nc6 11. Rfd1 Nd7 12. Bc2 h6 13. Be3 Nb4 14. Bb3 Ba6 15.
Qd2 Kh7 16. Nd5 Nxd5 17. Bxd5 Rc8 18. e5 e6 19. Be4 dxe5 20. dxe5 Nxe5 21. Qb4
Nxf3+ 22. Bxf3 Qe8 23. Qd2 Rd8 24. Qc2 Rxd1+ 25. Rxd1 Qc8 26. Qd2 Qc7 27. Qb4
Rc8 28. Qa3 Bb5 29. Qb4 Qc4 30. Qxc4 Rxc4 31. b3 Rc7 32. h3 e5 33. a4 Ba6 34.
b4 f5 35. g3 e4 36. Bg2 Be2 37. Re1 Bd3 38. Bf1 Bc2 39. a5 bxa5 40. bxa5 Bc3
41. Re2 Bxa5 42. Bf4 Rc6 43. Bg2 Bd3 44. Rb2 Bb6 45. Bf1 Bxf1 46. Kxf1 g5 47.
Bb8 Kg6 48. Ra2 a5 49. Ke2 Kf6 50. f4 Ke6 51. Be5 h5 52. Bb8 g4 53. h4 Kd5 54.
Rd2+ Bd4 55. Ra2 Bc3 56. Kd1 Kc4 57. Ba7 Kb3 58. Rf2 a4 0-1

[Event "Madrid ch 2009-2010 Sub 18"]
[Site "Madrid ESP"]
[Date "2009.12.28"]
[Round "3.4"]
[White "Adan Bermudez, Sergio"]
[Black "Cavalle Pulla, Daniel"]
[Result "1-0"]
[WhiteElo "2277"]
[BlackElo "1812"]
[PlyCount "71"]
[EventDate "2009.12.26"]
[EventType "swiss"]
[EventRounds "7"]
[EventCountry "ESP"]
[Source "lmi"]
[SourceDate "2009.12.26"]

1. c4 e5 2. g3 Nc6 3. Bg2 g6 4. Nc3 Bg7 5. e4 Nge7 6. Nge2 d6 7. d3 O-O 8. O-O
Nd4 9. Be3 Bd7 10. h3 f5 11. f4 fxe4 12. dxe4 Nxe2+ 13. Qxe2 Be6 14. Rac1 Qd7
15. Kh2 exf4 16. gxf4 Nc6 17. b3 Rae8 18. Qd2 Qe7 19. Nd5 Bxd5 20. cxd5 Nd8 21.
Rc4 Bh6 22. Rfc1 c5 23. dxc6 bxc6 24. Ra4 Rf7 25. Kh1 Qf6 26. Rf1 c5 27. Ra6
Re6 28. a4 Qe7 29. Qd5 Kg7 30. e5 dxe5 31. Bxc5 Qe8 32. Rxe6 Nxe6 33. Qxe5+ Rf6
34. Bd4 Qd8 35. Bb2 Bxf4 36. Rxf4 1-0

[Event "Madrid ch 2009-2010 Sub 18"]
[Site "Madrid ESP"]
[Date "2009.12.28"]
[Round "3.5"]
[White "Morona Minguez, Irene"]
[Black "Gemy Vargas, Daniel Jose"]
[Result "0-1"]
[WhiteElo "1844"]
[BlackElo "2187"]
[PlyCount "120"]
[EventDate "2009.12.26"]
[EventType "swiss"]
[EventRounds "7"]
[EventCountry "ESP"]
[Source "lmi"]
[SourceDate "2009.12.26"]

1. e4 c5 2. Nf3 e6 3. d4 cxd4 4. Nxd4 Nf6 5. Nc3 Bb4 6. e5 Nd5 7. Qg4 Nxc3 8.
Qxg7 Rf8 9. a3 Nb5+ 10. axb4 Nxd4 11. Bg5 Qb6 12. O-O-O Nf5 13. Qf6 h6 14. Bd2
Qd8 15. g4 Qxf6 16. exf6 Nh4 17. Bxh6 Rg8 18. Bg7 d5 19. Bd3 Kd7 20. g5 Rd8 21.
g6 Nxg6 22. Bxg6 fxg6 23. Rhg1 Ke8 24. Rxg6 Kf7 25. Rdg1 e5 26. h4 Nc6 27. h5
Nd4 28. R1g2 Ne2+ 29. Kd2 Nf4 30. R2g5 Nxh5 31. Rh6 Nf4 32. Rxe5 Re8 33. Rxe8
Kxe8 34. Rh8+ Kf7 35. Rf8+ Kg6 36. Rh8 Ne6 37. Rh6+ Kf7 38. Bh8 Nf8 39. Rh5 Be6
40. f4 Ng6 41. f5 Nxh8 42. fxe6+ Kxe6 43. Rh7 Nf7 44. Rh5 Rh8 45. Rxh8 Nxh8 46.
Kd3 Kxf6 47. Kd4 Ke6 48. b3 Ng6 49. c4 Ne7 50. cxd5+ Nxd5 51. Kc5 Ne7 52. Kb5
Kd5 53. Ka5 Nc6+ 54. Ka4 Nd4 55. Ka3 b5 56. Kb2 Ne2 57. Kc2 Ke4 58. Kd2 Nc1 59.
Kc2 Nxb3 60. Kxb3 Kd3 0-1

[Event "Madrid ch 2009-2010 Sub 18"]
[Site "Madrid ESP"]
[Date "2009.12.28"]
[Round "3.6"]
[White "Rubio Campos, Juan"]
[Black "Garcia Amodia, Daniel"]
[Result "0-1"]
[WhiteElo "1771"]
[BlackElo "2002"]
[PlyCount "34"]
[EventDate "2009.12.26"]
[EventType "swiss"]
[EventRounds "7"]
[EventCountry "ESP"]
[Source "lmi"]
[SourceDate "2009.12.26"]

1. e4 e6 2. d4 d5 3. Nc3 Bb4 4. e5 c5 5. a3 Bxc3+ 6. bxc3 Ne7 7. Qg4 O-O 8. Ne2
Nbc6 9. g3 cxd4 10. cxd4 f6 11. f4 Nf5 12. c3 Qa5 13. Bd2 Qa4 14. Bg2 fxe5 15.
dxe5 Nxe5 16. Qh3 Nd3+ 17. Kf1 Qc2 0-1